| 000 | 01440nam0a22003011 4500 | ||
|---|---|---|---|
| 001 | rc\3045158 | ||
| 005 | 20250806202124.0 | ||
| 035 | _a(NLR Aleph) 007184970 | ||
| 090 |
_a42893 _c42893 |
||
| 100 | _a20111007d1942 u y0rusy50 ca | ||
| 101 | 0 | _arus | |
| 102 | _aRU | ||
| 105 | _ay z ||||| | ||
| 200 | 1 |
_aВ помощь работнику летней дошкольной колхозной площадки _e[Сб. метод. материалов, рассказов и игр] _eИз опыта работы детск. сада Колхоза им. 1 мая Лысковск. р-на, Горьковск. обл. _fДошкольный метод. кабинет Горьковск. облоно |
|
| 210 |
_aГорький _cГорьковское обл. изд-во _d1942 |
||
| 215 |
_a72 с. _d20 см |
||
| 300 | _aИз предисл.: "Сб. сост. методистами Обл. дошк. кабинета Р.И. Габовой, З.Б. Ивановой и А.И. Чановой, под общ. ред. ... Б.И. Орловского" | ||
| 700 | 1 |
_aГабова _bР.И. |
|
| 701 | 1 |
_aИванова _bЗ.Б. |
|
| 701 | 1 |
_aЧанова _bА.И. |
|
| 702 | 1 |
_aОрловский _bБ.И. _4340 |
|
| 801 | 0 |
_aRU _bNLR _gpsbo |
|
| 801 | 1 |
_aRU _bELAR _2rusmarc |
|
| 852 |
_aNLR _jПр20 Г-4/806 |
||
| 942 | _cBOOK | ||
| 945 | _aРоссийская национальная библиотека | ||
| 980 | _aNB | ||
| 980 | _aBV | ||